Visualizzazione normale
Vista MARC
- Porter John
di Personal Name
Records bibliografici associati: 1
001 - CONTROL NUMBER
- control field: 24872
003 - CONTROL NUMBER IDENTIFIER
- control field: IT-RoPau
005 - DATE AND TIME OF LATEST TRANSACTION
- control field: 20140514105736.0
008 - FIXED-LENGTH DATA ELEMENTS
- fixed length control field: 140514|| aca||aabn | a|a d
040 ## - CATALOGING SOURCE
- Original cataloging agency: IT-RoPau
- Transcribing agency: IT-RoPau
100 ## - HEADING--PERSONAL NAME
- Personal name: Porter John
670 ## - SOURCE DATA FOUND
- Source citation: Work cat.: (IT-RoPau)101384: Porter John, Ballady Leonarda Cohena Spiewa Maciej-Zembaty-Lp Kpsj 001/2